| 000 | 00811nam a22002057a 4500 | ||
|---|---|---|---|
| 005 | 20240530110506.0 | ||
| 008 | 151011s2005 ua ap f 000 0 ara d | ||
| 017 |
_a2004/20665 _bمصر . دار الكتب المصرية |
||
| 020 | _a9773190684 | ||
| 040 | _aEG-CaGPL | ||
| 082 | 0 | 4 |
_221 _a720.9146/ _bك ع |
| 100 | 0 | _aكاظم شمهود طاهر . | |
| 245 |
_aالعمارة الاسلامية فى اسبانيا : _bفن المدجنين فى قرى و مدن محافظة مدريد : الكتاب الثانى / _cكاظم شمهود طاهر . |
||
| 250 | _aط1. | ||
| 260 |
_aالقاهرة : _bالعربى للنشر و التوزيع ، _c2005 . |
||
| 300 |
_a167 ص ؛ _c24 سم . |
||
| 650 | 0 | 4 | _aالعمارة الاسلامية . |
| 650 | 0 | 4 | _aالفن الاسبانى . |
| 942 |
_2ddc _cBK |
||
| 999 |
_c61567 _d61567 |
||